000 00822nam a2200229Ia 4500
003 GCL
008 140319s9999 xx 000 0 ara d
020 _a3190322977
040 _aGCL /
_cGCL
082 0 4 _aق
_b922.1
_bا ش
100 1 _aاشرف ابواليزيد
245 1 0 _aالشيخ مصطفى عبدالرازق مسافرا ومقيما /
_cاشرف ابواليزيد
250 _aالاولى
260 _aالقاهرة :
_bعين للدراسات والبحوث الانسانية والاجتماعية ،
_c2006
300 _a128 ص ؛
_c24 سم
650 0 4 _aالتراجم الذاتية
650 0 4 _aالاسلام - تراجم
650 0 4 _aمصطفى عبدالرازق
650 0 4 _aالرجال - تراجم
650 0 4 _aمصطفى عبدالرازق - تراجم
942 _2ddc
_cBK
999 _c9679
_d9679